Consumerism in the ancient world : imports and identity construction /

محفوظ في:

المؤلف الرئيسي: St. P. Walsh, Justin (مؤلف)

التنسيق: كتاب

اللغة: English

منشور في: New York : Routledge, 2014.

سلاسل: Routledge monographs in classical studies ; 17.

الموضوعات:

الوسوم: إضافة وسم

لا توجد وسوم, كن أول من يضع وسما على هذه التسجيلة!

رقم الطلب: HF381 .S7

LEADER 01167nam a22003257a 4500
003 OSt
005 20250825090839.0
008 250303s2014 nyu g 000 0 eng d
010 |a 2013031937 
020 |a 9780415893794 
040 |c ARCE Library 
043 |a mm----- 
050 1 4 |a HF381   |b .S7  
100 1 |a St. P. Walsh, Justin,   |e author 
245 1 0 |a Consumerism in the ancient world :   |b imports and identity construction /   |c by Justin St. P. Walsh. 
264 1 |a New York :   |b Routledge,   |c 2014. 
300 |a xx, 218 pages ;   |c 24 cm. 
490 1 |a Routledge monographs in classical studies ;   |v 17. 
500 |a OCLC 839396956 
504 |a Includes bibliographical references and index. 
650 0 |a Commerce  |x History  |y To 500. 
650 0 |a Consumption (Economics)  |x Social aspects  |z Mediterranean Region. 
650 0 |a Pottery, Ancient  |z Mediterranean Region. 
650 0 |a Pottery, Greek  |z Mediterranean Region. 
651 0 |a Mediterranean Region  |x Antiquities. 
651 0 |a Mediterranean Region  |x Commerce  |x History  |y to 1500. 
830 0 |a Routledge monographs in classical studies ;   |v 17. 
901 |a reviewed 
942 |c BK  |2 lcc 
999 |c 22056  |d 22056